[Event "Petroupoli ASOP Dias Seniors op"]
[Site "Petroupoli"]
[Date "2014.04.12"]
[Round "4.15"]
[White "Drakoulis, Alexandros"]
[Black "Darviris, Panagiotis"]
[Result "0-1"]
[WhiteElo "1000"]
[BlackElo "1463"]
[PlyCount "36"]
[EventDate "2014.03.22"]
[EventType "swiss"]
[EventRounds "7"]
[EventCountry "GRE"]
[SourceTitle "EXT 2024"]
[Source "ChessBase"]
[SourceDate "2023.10.10"]
[SourceVersion "1"]
[SourceVersionDate "2023.10.10"]
[SourceQuality "1"]

1. e4 d5 2. Nc3 dxe4 3. Nxe4 Bf5 4. Bd3 e6 5. Nf3 Nc6 6. 0-0 h6 7. Nh4 Qxh4 8. Bb5 Qxe4 9. Bd3 Qd5 10. c4 Qxd3 11. b3 Bd6 12. Re1 Nf6 13. Re3 Qd4 14. Rb1 Ng4 15. Bb2 Nxe3 16. fxe3 Qe4 17. Bxg7 Rg8 18. Bxh6 Qxg2# 0-1